000 00419pam a2200157a 44500
008 230515b0 xxu||||| |||| 00| 0 eng d
020 _a1
041 _aENGLISH
082 _a610.28
100 _a"""GODKAR, P B & GODKAR D P """
245 _aTEXT BOOK OF MEDICAL LABORATORY TECHNOLOGY
250 _aNULL
260 _aMUMBAI
_bACADEMIC PRESS
_c0
300 _a1
650 _aTEXT BOOK OF MEDICAL LABORATORY TECHNOLOGY
999 _c566096
_d566096